| 000 | 00614nam a2200241 a 4500 | ||
|---|---|---|---|
| 001 | nice12345678 | ||
| 003 | IN_TiNIC | ||
| 005 | 20260116011724.0 | ||
| 008 | 050524s1971 usaa grp 000 0 eng | ||
| 020 |
_a _c100 |
||
| 082 | 0 | 0 |
_a500.80201 _bEDD |
| 100 | _aEddy, Mary Baker | ||
| 245 | _aScience and Health With Key to the Scriptures. | ||
| 260 |
_aUSA _bFirst Church of Christ _c1971 |
||
| 300 | _a700p | ||
| 500 | _aincludes index and biblioraphy | ||
| 505 | 2 | _aUrdu-Arabic | |
| 650 | _aChristianity and Science | ||
| 700 | 1 | _aEddy, Mary Baker | |
| 902 | _bSRS | ||
| 942 | _cBK | ||
| 999 |
_c3537 _d3537 |
||